| 000 | 03831nam0a2200445 4500 | ||
|---|---|---|---|
| 001 | RU\NLR\BIBL_A\012837080 | ||
| 005 | 20221111132307.0 | ||
| 010 |
_a978-5-502-01485-4 _9100 |
||
| 021 |
_aRU _bКН-П-22-019977 _9КН-П-22-1705 |
||
| 035 | _a(NLR Aleph) 012837080 | ||
| 035 | _a(RuMoRGB)011024424 | ||
| 090 |
_a12382104 _c12382104 |
||
| 100 | _a20220701d2021 u y0rusy50 ca | ||
| 101 | 0 | _arus | |
| 102 | _aRU | ||
| 105 | _aa j 000zy | ||
| 181 | 0 |
_ai3 _baxxe |
|
| 182 | 0 | _an | |
| 200 | 1 |
_aМетоды и модели в экономике и финансовой деятельности _eучебное пособие для студентов всех форм обучения по направлениям подготовки 080500 "Менеджмент", 27.03.03 "Системный анализ и управление" _fФ. Ф. Юрлов, А. Ф. Плеханова, К. И. Колесов, М. Ю. Маркитанов _gМинистерство науки и высшего образования Российской Федерации, Федеральное государственное бюджетное учреждение высшего образования "Нижегородский государственный технический университет им. Р. Е. Алексеева" |
|
| 203 |
_aТекст _bвизуальный _cнепосредственный |
||
| 210 |
_aНижний Новгород _cНижегородский государственный технический университет им. Р. Е. Алексеева _d2021 |
||
| 215 |
_a185 с. _cил. _d20 |
||
| 300 | _aАвт. указаны на обороте тит. с. | ||
| 320 | _aБиблиогр.: с. 184-185 (24 назв.) | ||
| 330 | _aРассмотрены проблемы комплексного учёта противоречивых критериев и неуправляемых факторов в задачах выбора оптимальных решений в экономике. Изложены принципы и методы выбора эффективных решений с учётом многокритериальности и неопределённости. Приведены примеры практического использования рассмотренных методов. Материал базируется на современных представлениях, относящихся к анализу рассматриваемой проблемы, используются научные результаты, полученные авторами за последние годы | ||
| 606 | 1 |
_aФинансы _jУчебные издания для высших учебных заведений _xМатематические методы _91999564 _3RU\NLR\AUTH\661203903 |
|
| 606 | 1 |
_aЭкономика _jУчебные издания для высших учебных заведений _xМатематические методы _92093364 _3RU\NLR\AUTH\661266827 |
|
| 686 | 1 | _aУ26(0)в611я73 | |
| 686 | 1 | _aУ.в611я73 | |
| 686 | 1 | _aУ053.0я73 | |
| 701 | 1 |
_7ca _8rus _aЮрлов _bФ. Ф. _f1935- _gФеликс Федорович _9106621 _3RU\NLR\AUTH\77123696 |
|
| 701 | 1 |
_aПлеханова _bА. Ф. _gАнна Феликсовна |
|
| 701 | 1 |
_aКолесов _bК. И. _gКирилл Игоревич |
|
| 701 | 1 |
_aМаркитанов _bМ. Ю. _gМихаил Юрьевич |
|
| 712 | 0 | 2 |
_4475 _aНижегородский государственный технический университет им. Р. Е. Алексеева _9300053 _3RU\NLR\AUTH\8813523 |
| 942 | _cBOOK | ||
| 980 | _aNB | ||